000 00617nam a22001817a 4500
005 20251108171145.0
008 250721s9999 xx 000 0 ara d
082 1 4 _aط/591/بار
100 1 _aباركر، برتاموريس
245 1 0 _aحيوانت نعرفها /
264 1 _aالقاهرة :
_bالجمعية المصرية لنشر المعرفة والثقافة العالمية،
_c[19-].
300 _a35ص
490 0 _aمجموعة الكتب العلمية المبسطة ، 1
500 _a/الحيوانات
700 1 _aزكي، أحمد
_eترجمة
942 _2ddc
_cBK
999 _c58051
_d58051